[Event "Let's Play Chess!"]
[Site "http://www.queenalice.com/game.php?id=226377"]
[Date "2007.6.17"]
[Round "-"]
[White "socramc"]
[Black "Eternamente_Anjo"]
[Result "1-0"]
[WhiteElo "1437"]
[BlackElo "1899"]

1. e4 e6 2. d4 d5 3. e5 c5 4. Nf3 Nc6 5. dxc5 Bxc5 6. Bb5 Bxf2+ 7. Kxf2 Qb6+ 8.
Ke2 Qxb5+ 9. Qd3 Qxd3+ 10. cxd3 Nge7 11. d4 O-O 12. Re1 Bd7 13. Bg5 Nf5 14. Nc3
Nfxd4+ 15. Nxd4 Nxd4+ 16. Kd2 Rfe8 17. Be3 Nf5 18. Bc5 Nh4 19. g3 1-0

[Event "Let's Play Chess!"]
[Site "http://www.queenalice.com/game.php?id=227499"]
[Date "2007.6.19"]
[Round "-"]
[White "SacrificioDeRei"]
[Black "socramc"]
[Result "0-1"]
[WhiteElo "1734"]
[BlackElo "1479"]

1. e4 e5 2. Nf3 d6 3. d4 exd4 4. Nxd4 Nf6 5. Nc3 Bg4 6. Be2 Qd7 7. O-O d5 8. e5
Bxe2 9. Qxe2 Ne4 10. Nxe4 dxe4 11. Qxe4 Bc5 12. Qxb7 O-O 13. Qxa8 Bxd4 0-1

[Event "Let's Play Chess!"]
[Site "http://www.queenalice.com/game.php?id=227938"]
[Date "2007.6.20"]
[Round "-"]
[White "socramc"]
[Black "fugazeton2"]
[Result "0-1"]
[WhiteElo "1505"]
[BlackElo "1378"]

1. e4 c5 2. d4 cxd4 3. Qxd4 Nc6 4. Qd1 e5 5. Bb5 Nf6 6. Nc3 a6 7. Bc4 b5 8. Bd5
Bb7 9. Be3 Bb4 10. Bxc6 dxc6 11. Nf3 Bxc3+ 12. bxc3 Qxd1+ 13. Rxd1 Nxe4 14. O-O
Nxc3 15. Ra1 Ne2+ 16. Kh1 e4 17. Ne5 O-O 18. Rfe1 Nc3 19. Nd7 Rfd8 20. Nc5 Rab8
21. h3 Nd5 22. Bg5 f6 23. Bh4 g5 0-1

[Event "Challenge"]
[Site "http://www.queenalice.com/game.php?id=229002"]
[Date "2007.6.22"]
[Round "-"]
[White "nandocassapava"]
[Black "socramc"]
[Result "1-0"]
[WhiteElo "1410"]
[BlackElo "1484"]

1. e4 e5 2. a3 Nf6 3. Nc3 d6 4. Bc4 Bg4 5. f3 Bh5 6. Nh3 d5 7. Nxd5 Nxd5 8. Bxd5
c6 9. Bb3 Bc5 10. d3 O-O 11. Ba2 Qd4 12. Qe2 Nd7 13. c3 Qa4 14. b3 1-0

[Event "Challenge"]
[Site "http://www.queenalice.com/game.php?id=244942"]
[Date "2007.7.24"]
[Round "-"]
[White "socramc"]
[Black "rafaelbdb"]
[Result "0-1"]
[WhiteElo "1452"]
[BlackElo "1390"]

1. e4 e5 2. Nf3 Nc6 3. a3 Nf6 4. d3 Be7 5. Bg5 O-O 6. Nc3 d6 7. h3 Be6 8. Be2
Nd4 9. Nxd4 exd4 10. Nb5 a6 11. Nxd4 Qd7 12. O-O c5 0-1

[Event "Challenge"]
[Site "http://www.queenalice.com/game.php?id=437882"]
[Date "2008.7.23"]
[Round "-"]
[White "mc3"]
[Black "socramc"]
[Result "1-0"]
[WhiteElo "1588"]
[BlackElo "1405"]

1. e4 e5 2. Nf3 Nc6 3. Bb5 Nf6 4. d3 Bb4+ 5. c3 Bc5 6. O-O a6 7. Bxc6 dxc6 8.
Nxe5 Bg4 9. Nxg4 Nxg4 10. h3 Ne5 11. Bf4 O-O 12. Bxe5 Qxd3 13. Qxd3 Rad8 14. Qg3
Bd6 15. Qxg7# 1-0

[Event "Challenge"]
[Site "http://www.queenalice.com/game.php?id=437883"]
[Date "2008.7.23"]
[Round "-"]
[White "socramc"]
[Black "mc3"]
[Result "0-1"]
[WhiteElo "1396"]
[BlackElo "1597"]

1. e4 e5 2. Nf3 Nc6 3. Bb5 d6 4. h3 a6 5. Bxc6+ bxc6 6. d3 h6 7. O-O Nf6 8. Nc3
d5 9. Nxe5 d4 10. Ne2 Bb4 11. Bf4 O-O 12. c3 dxc3 13. bxc3 Bxc3 14. Qb3 Bxa1 15.
Rxa1 Qd4 16. Bh2 Qxa1+ 17. Nc1 Qxc1+ 18. Qd1 Qxd1# 0-1

[Event "Good Chess!"]
[Site "http://www.queenalice.com/game.php?id=446292"]
[Date "2008.8.9"]
[Round "-"]
[White "CHESSKING5"]
[Black "socramc"]
[Result "0-1"]
[WhiteElo "1296"]
[BlackElo "1397"]

1. e4 e5 2. Nf3 Nc6 3. Bb5 a6 4. Bxc6 dxc6 5. Nxe5 Nf6 6. Nc3 Bg4 7. f3 Be6 8.
O-O Qd4+ 9. Rf2 Qxe5 10. f4 Qd4 11. d3 Ng4 12. Qf3 Bc5 13. Bd2 Nxf2 14. Be1
Nxd3+ 15. Bf2 Nxf2 16. Rf1 Nxe4+ 17. Rf2 Nxf2 18. h4 Ng4+ 19. Kf1 Nh2+ 20. Ke2
Nxf3 21. gxf3 Qe3+ 22. Kd1 Rd8+ 0-1

[Event "Let's Play Chess!"]
[Site "http://www.queenalice.com/game.php?id=447805"]
[Date "2008.8.12"]
[Round "-"]
[White "Fura"]
[Black "socramc"]
[Result "1-0"]
[WhiteElo "1680"]
[BlackElo "1388"]

1. e4 e5 2. Nc3 Nf6 3. Nf3 Bb4 4. Nxe5 O-O 5. b3 d6 6. Nd3 Bxc3 7. dxc3 Bg4 8.
f3 Be6 9. c4 c5 10. Bb2 Nh5 11. g4 Qh4+ 12. Nf2 Nf4 13. Qxd6 Qg5 14. h4 Qf6 15.
Bxf6 Nd7 16. Bxg7 Kxg7 17. Qxf4 Rg8 18. Qc7 b6 19. Qf4 Kf8 20. Nh3 Nf6 21. g5
Nh5 22. Qd6+ Kg7 23. O-O-O Rad8 24. Qe5+ Kf8 25. Rxd8+ 1-0

[Event "Let's Play Chess!"]
[Site "http://www.queenalice.com/game.php?id=447806"]
[Date "2008.8.12"]
[Round "-"]
[White "socramc"]
[Black "Fura"]
[Result "0-1"]
[WhiteElo "1409"]
[BlackElo "1652"]

1. e4 e5 2. Nf3 Nc6 3. Bb5 d5 4. Nc3 Nf6 5. d3 Bc5 6. Qe2 Be6 7. Bxc6+ bxc6 8.
Ng5 Bg4 9. f3 Bh5 10. Be3 h6 11. Nxf7 Kxf7 12. Bxc5 d4 13. Na4 a6 14. O-O Nd7
15. Qf2 Nxc5 16. Nxc5 Rf8 17. Qg3 Qd6 18. Nb7 Qb4 19. Qh4 Bg6 20. f4 Kg8 21. Qg4
Qxb7 22. Qxg6 c5 23. Qe6+ Kh8 24. Qxe5 Qxb2 25. Rfc1 Qb6 26. Rcb1 Rae8 27. Qd5
Qd6 28. Qxd6 cxd6 29. f5 g5 30. fxg6 Kg7 31. Rb6 Re6 32. Rxa6 Ref6 33. h3 Rf2
34. Rxd6 Rxc2 35. a4 Rff2 36. Rd7+ Kxg6 37. Rf1 Rxg2+ 0-1

[Event "Challenge"]
[Site "http://www.queenalice.com/game.php?id=466198"]
[Date "2008.9.21"]
[Round "-"]
[White "claudiocaire"]
[Black "socramc"]
[Result "1-0"]
[WhiteElo "1485"]
[BlackElo "1410"]

1. e4 e5 2. Qh5 Nf6 3. Qxe5+ Be7 4. Bc4 d6 5. Qf4 O-O 6. d4 h6 7. Qg3 Nh5 8. Qf3
c6 9. Qxh5 Nd7 10. Nf3 Nf6 11. Qh4 Ng4 12. Qg3 Bh4 13. Nxh4 Qf6 14. h3 Nxf2 15.
Rf1 Qxd4 16. Bxh6 Qxe4+ 17. Be2 Re8 18. Qxg7# 1-0

[Event "Let's Play Chess!"]
[Site "http://www.queenalice.com/game.php?id=503986"]
[Date "2008.12.15"]
[Round "-"]
[White "dida"]
[Black "socramc"]
[Result "1-0"]
[WhiteElo "1613"]
[BlackElo "1397"]

1. e4 e5 2. Qf3 d6 3. h3 a6 4. a4 Nc6 5. Bc4 Nf6 6. c3 h6 7. d3 Na5 8. Bxf7+
Kxf7 9. Nd2 Be7 10. b4 Nc6 11. Ba3 Rf8 12. Ne2 Kg8 13. Ng3 Be6 14. Nh5 Nxh5 15.
Qxh5 Bg5 16. Nf3 Be7 17. h4 Qd7 18. Ng5 1-0